<?xml version="1.0" encoding="UTF-8"?><?xml-stylesheet type="text/xsl" href="static/style.xsl"?><OAI-PMH xmlns="http://www.openarchives.org/OAI/2.0/" xmlns:xsi="http://www.w3.org/2001/XMLSchema-instance" xsi:schemaLocation="http://www.openarchives.org/OAI/2.0/ http://www.openarchives.org/OAI/2.0/OAI-PMH.xsd"><responseDate>2026-04-27T03:42:38Z</responseDate><request verb="GetRecord" identifier="oai:repisalud.isciii.es:20.500.12105/13377" metadataPrefix="marc">https://repisalud.isciii.es/rest/oai/request</request><GetRecord><record><header><identifier>oai:repisalud.isciii.es:20.500.12105/13377</identifier><datestamp>2024-11-29T09:11:52Z</datestamp><setSpec>com_20.500.12105_19604</setSpec><setSpec>com_20.500.12105_2051</setSpec><setSpec>com_20.500.12105_15322</setSpec><setSpec>col_20.500.12105_19605</setSpec><setSpec>col_20.500.12105_16972</setSpec></header><metadata><record xmlns="http://www.loc.gov/MARC21/slim" xmlns:dcterms="http://purl.org/dc/terms/" xmlns:doc="http://www.lyncode.com/xoai" xmlns:xsi="http://www.w3.org/2001/XMLSchema-instance" xsi:schemaLocation="http://www.loc.gov/MARC21/slim http://www.loc.gov/standards/marcxml/schema/MARC21slim.xsd">
   <leader>00925njm 22002777a 4500</leader>
   <datafield ind2=" " ind1=" " tag="042">
      <subfield code="a">dc</subfield>
   </datafield>
   <datafield ind2=" " ind1=" " tag="720">
      <subfield code="a">Cañes, Laia</subfield>
      <subfield code="e">author</subfield>
   </datafield>
   <datafield ind2=" " ind1=" " tag="720">
      <subfield code="a">Alonso, Judith</subfield>
      <subfield code="e">author</subfield>
   </datafield>
   <datafield ind2=" " ind1=" " tag="720">
      <subfield code="a">Ballester-Servera, Carme</subfield>
      <subfield code="e">author</subfield>
   </datafield>
   <datafield ind2=" " ind1=" " tag="720">
      <subfield code="a">Varona, Saray</subfield>
      <subfield code="e">author</subfield>
   </datafield>
   <datafield ind2=" " ind1=" " tag="720">
      <subfield code="a">Escudero, Jose R</subfield>
      <subfield code="e">author</subfield>
   </datafield>
   <datafield ind2=" " ind1=" " tag="720">
      <subfield code="a">Andres, Vicente</subfield>
      <subfield code="e">author</subfield>
   </datafield>
   <datafield ind2=" " ind1=" " tag="720">
      <subfield code="a">Rodriguez, Cristina</subfield>
      <subfield code="e">author</subfield>
   </datafield>
   <datafield ind2=" " ind1=" " tag="720">
      <subfield code="a">Martinez-Gonzalez, Jose</subfield>
      <subfield code="e">author</subfield>
   </datafield>
   <datafield ind2=" " ind1=" " tag="260">
      <subfield code="c">2021-07-26</subfield>
   </datafield>
   <datafield ind2=" " ind1=" " tag="520">
      <subfield code="a">Pharmacological treatments for preventing abdominal aortic aneurysm (AAA) rupture or slowing aneurysm progression remain a challenge. It is increasingly recognized that sympathetic activity might play a role in the pathogenesis of AAA; however, the impact of this pathway remains unclear. Here, we show that the expression of tyrosine hydroxylase (TH), dopamine β-hydroxylase (DBH), and the norepinephrine transporter SLC6A2 is upregulated in abdominal aorta samples from AAA patients and in the aneurysmal aorta from 2 animal models susceptible to Ang II (angiotensin II)–induced AAA: the apolipoprotein E-deficient (ApoE−/−) model and a transgenic mouse that overexpresses the human nuclear receptor NOR-1 (neuron-derived orphan receptor-1) in the vascular wall (TgNOR-1VSMC). TH localizes to sympathetic nerves innervating the local vasculature, but also to inflammatory cells, and scattered vascular smooth muscle cell in human and mouse AAA. Interestingly, the preventive effect of doxycycline on AAA formation in Ang II–treated TgNOR-1VSMC mice was associated to the normalization of vascular Th expression. Moreover, the TH specific inhibitor α-methyl-p-tyrosine protected against Ang II–induced AAA formation, limiting the progressive increase in aortic diameter without affecting blood pressure. The drug normalized MMP2 (matrix metalloproteinase 2) expression and MMP activity, preserving elastin integrity, attenuated the Ang II–mediated rise in vascular oxidative stress and inflammatory markers and reduced the inflammatory infiltrate. Finally, NOR-1, whose expression correlated with that of TH in human AAA, was able to drive human TH transcriptional activity in transient transfection assays. Therefore, the upregulation of the TH pathway could be critical in the pathophysiology of AAA, supporting the potential of pharmacological strategies targeting TH for AAA management.</subfield>
   </datafield>
   <datafield ind1="8" ind2=" " tag="024">
      <subfield code="a">Hypertension. 2021; 78(3):681-692</subfield>
   </datafield>
   <datafield ind1="8" ind2=" " tag="024">
      <subfield code="a">1524-4563</subfield>
   </datafield>
   <datafield ind1="8" ind2=" " tag="024">
      <subfield code="a">http://hdl.handle.net/20.500.12105/13377</subfield>
   </datafield>
   <datafield ind1="8" ind2=" " tag="024">
      <subfield code="a">34304581</subfield>
   </datafield>
   <datafield ind1="8" ind2=" " tag="024">
      <subfield code="a">10.1161/HYPERTENSIONAHA.121.17517</subfield>
   </datafield>
   <datafield ind1="8" ind2=" " tag="024">
      <subfield code="a">0194-911x</subfield>
   </datafield>
   <datafield ind1="8" ind2=" " tag="024">
      <subfield code="a">Hypertension (Dallas, Tex. : 1979)</subfield>
   </datafield>
   <datafield ind2="0" ind1="0" tag="245">
      <subfield code="a">Targeting Tyrosine Hydroxylase for Abdominal Aortic Aneurysm: Impact on Inflammation, Oxidative Stress, and Vascular Remodeling.</subfield>
   </datafield>
</record></metadata></record></GetRecord></OAI-PMH>